| 000 | 01254cam a22001814a 4500 | ||
|---|---|---|---|
| 005 | 20250605164358.0 | ||
| 008 | 250528s ||||||||||||||||||||||||d | ||
| 035 | _a24428 | ||
| 040 |
_aGR-AtMCL _bgre _dGR-AtMCL _eAACR2 |
||
| 245 | 1 | _aΑνοικτά Δεδομένα: Η Πρώτη Ύλη για την Κοινωνία της Γνώσης | |
| 260 |
_bΚαινοτομία Έρευνα Και Τεχνολογία, _c2014 |
||
| 300 | _a32 | ||
| 520 | _aSocial Business Excellence Awards 2014: Ένας Νέος Θεσμός για την Επιβράβευση της Κοινωνικής Επιχειρηματικότητας, Mission for Growth 2014: 851 Συναντήσεις για Επιχειρηματικές Συνεργασίες Ελληνικών και Ξένων Επιχειρήσεων, Νέο Βίντεο του Ευρωπαϊκού Συμβουλίου Έρευνας (ERC) με Θέμα την Ελλάδα, ΣΘΕΝΟΣ: Ερευνητές του ΕΙΕ Αναπτύσσουν Στοχευμένες ΘΕραπευτικές Προσεγγίσεις κατά Εκφυλιστικών ΝΟΣημάτων. | ||
| 700 | 1 |
_aΣαχίνη Εύη _99352 |
|
| 942 | _cCR | ||
| 999 |
_c9310 _d9310 |
||